000 00739nam a2200289Ia 4500
005 20260324115605.0
008 008 260324s9999 xx 000 0 eng d
020 _a9781003445098
037 _aEBOOK
040 _aCRL
040 _beng
040 _cCRL
041 _2eng
041 _aeng
084 _qCRL
100 _aGeorge D. Kuh; Bret Eynon; Laura M. Gambino
_91155258
245 0 _aHigh-Impact ePortfolio Practice
245 2 _bA Catalyst for Student, Faculty, and Institutional Learning
260 _bTaylor and Francis
260 _c2017
365 _a
365 _b230
856 _uhttp://www.taylorfrancis.com/books/9781003445098
942 _cEBOOK
999 _c1746241
_d1746241